Tu actitud es tu llave maestra : y cómo ésta puede abrirte todas las puertas /

Bewaard in:
Bibliografische gegevens
Hoofdauteur: Abadía, Fernando (autor.)
Andere auteurs: García Vargas, Julián, 1945-, 1945- (prologuista.)
Formaat: Boek
Taal:Spaans
Gepubliceerd in: Barcelona : Gestión 2000, [2018]
Editie:Primera edición: noviembre de 2018.
Onderwerpen:
Online toegang:https://elibro.unach.elogim.com/es/lc/unach/titulos/291207
Tags: Voeg label toe
Geen labels, Wees de eerste die dit record labelt!

MARC

LEADER 00000nam a2200000 i 4500
001 ELB291207
003 FINmELB
005 251223050623.0
006 m o u
007 cr cn|||||||||
008 251222s2018 sp o 000 0 spa d
020 |z 978-84-9875-479-7 
020 |a 9788498754834  |q (epub) 
035 |a (OCoLC)1564681845 
040 |a FINmELB  |b spa  |e rda  |c FINmELB 
050 4 |a BF637.S8  |b A233 2018 
080 |a 159.942 
082 0 4 |a 158.1  |2 23 
100 1 |a Abadía, Fernando,  |e autor. 
245 1 0 |a Tu actitud es tu llave maestra :  |b y cómo ésta puede abrirte todas las puertas /  |c Fernando Abadía ; prólogo de Julián García Vargas, exministro de Sanidad y de Defensa. 
250 |a Primera edición: noviembre de 2018. 
264 1 |a Barcelona :  |b Gestión 2000,  |c [2018] 
264 4 |c ©2018 
300 |a 1 recurso en línea 
336 |a texto  |b txt  |2 rdacontent/spa 
337 |a computadora  |b c  |2 rdamedia/spa 
338 |a recurso en línea  |b cr  |2 rdacarrier/spa 
588 |a Descripción basada en metadatos suministrados por el editor y otras fuentes. 
590 |a Recurso electrónico. Santa Fe, Arg.: elibro, 2025. Disponible vía World Wide Web. El acceso puede estar limitado para las bibliotecas afiliadas a elibro. 
650 4 |a Actitud (Psicología) 
655 4 |a Libros electrónicos. 
700 |a García Vargas, Julián,  |d 1945-,  |d 1945-  |e prologuista. 
797 2 |a elibro, Corp. 
856 4 0 |u https://elibro.unach.elogim.com/es/lc/unach/titulos/291207